Countries producing the most sheep's milk - Statistics

General Stats
  • This quiz has been taken 22 times
  • The average score is 6 of 10
Answer Stats
Production 2020
(in Tons)
Country % Correct
1 1.540.000 China
100%
10 383.837 Italy
85%
6 600.568 Spain
80%
9 470.000 Iran
75%
3 705.000 Greece
65%
2 1.101.013 Turkey
65%
5 632.582 Romania
55%
4 684.578 Syria
40%
7 540.000 Sudan
35%
8 505.000 Somalia
20%
No matching quizzes found
Score Distribution
Percent of People with Each Score
Percentile by Number Answered
Your Score History
You have not taken this quiz